Largest Cities in Mayotte🇾🇹 - Statistics

General Stats
  • This quiz has been taken 25 times
  • The average score is 4 of 10
Answer Stats
Population City % Correct
54,831 Mamoudzou
94%
9,832 Sada
44%
10,141 Dembeni
39%
18,118 Koungou
39%
15,339 Dzaoudzi
33%
7,602 Tsingoni
28%
7,880 Bandraboua
22%
7,724 Mtsamboro
22%
9,077 Pamandzi
22%
7,272 Ouangani
11%
No matching quizzes found
Score Distribution
Percent of People with Each Score
Percentile by Number Answered
Your Score History
You have not taken this quiz